000 00676nam a22002057a 4500
999 _c12714
_d12714
003 AR-CdUCM
008 190410b ||||| |||| 00| 0 spa d
040 _aMUNICIPALIDAD PROVINCIAL DEL CUSCO
_cBIBLIOTECA MUNICIPAL DEL CUSCO
082 _a800.82 /
_bK57 / 1936
100 _aKipling, Rudyard
_926003
245 _aEl libro de las tierras vírgenes /
260 _aBuenos Aires :
_bTor,
_c1936.
300 _a285 páginas ;
_c23 cm.
440 _aBiblioteca "las obras famosas" ;
_925770
505 _aContenido: Literatura inglesa -- Novelas del siglo XX.
650 _aNovela inglesa
_9365
650 _aSiglo XX.
_98
942 _2ddc
_cLIBROS
945 _aacv
_d2019-04-10